Регионална библиотека "Любен Каравелов" - Русе

Grammatik in Feldern (Запис номер 50042)

MARC детайли
000 -Лидер
Контролно поле с фиксирана дължина 01086nam a2200325 c 4500
003 - Код на организацията, давaща контролен номер
Контролно поле BLK
005 - Дата и час на последна редакция
Контролно поле 20190103100121.0
008 - Елементи от данни с фиксирана дължина
fixed length control field 180408b bul|||||r ||||||| ||bul||
010 ## - Наследен системен номер
LC control number KNG00053909000
020 ## - Международен стандартен номер на книга ISBN
Международен стандартен номер на книга ISBN 3-88532-681-7
-- издат.: Verl. fur Deutsch - на том
040 ## - Източник на каталожния запис
Идентификатор на билиотеката - собственик на записа BLK
041 ## - Код за език
Код за езика на текст/звукозапис или на отделно заглавие Немски
Код за езика КДБФ Немски
080 ## - УДК
Текстов определител УДК Немски език (високонемски, стандартен писмен)
УДК код - определител по УДК 811.112.2
УДК определител -5(075.4)
УДК - код + определител 811.112.2-5(075.4)
100 1# - Редна дума - Автор
Автор Buscha, Joachim
Авторска отговорност първи автор
R(LIN) 368417
139 ## - Редно поле
Редна дума Buscha, Joachim
Авторски знак Bus - B 97
245 10 - Сведения за заглавието
Заглавие Grammatik in Feldern
Редно поле (дума) Joachim Buscha.
Заглавие на том [Lehrbuch]
257 ## - Страна на издаване
Страна на създаване/издаване Германия
260 ## - Област на издателските данни
-- Ismaning
Година на издаване 1999
300 ## - Физическа характеристика
Размери/Мащаб 24 cm
380 ## - Жанр
Жанр Езикознание. Филология
650 #4 - Допълнително описание по предмет – тема
Основно описание – тема или топоним Немски език - граматика
9 (RLIN) 244518
653 ## - Ключова дума – ненормативна
Ключова дума немски език
653 ## - Ключова дума – ненормативна
Ключова дума граматика
760 1# - Описание на основната серия
-- - на том
Редна дума на основното описание Buscha, Joachim
Място на издаване, издател и година Verl. fur Deutsch
Страници - том 336 c.
Заглавие [Lehrbuch]
852 ## - Местоположение
Форматна сигнатура Цб 204659
856 4# - Електронен адрес и достъп
Електронен формат pdf - файл
Път до файла /url/
856 4# - Електронен адрес и достъп
Електронен формат pdf - файл
Път до файла /url/
942 ## - АРТИКУЛИ
Вид на библиотечния материал Книги
Скрит в OPAC Не
Koha issues (borrowed), all copies 1
944 ## - СЪЗДАВАНЕ И РЕДАКЦИЯ на ЗАПИСА
Създаване/Редакция Създаване
Дата на регистрацията/редакция 01.01.1999
Служител, извършил регистрацията/редакцията Теодора_Стоянова
944 ## - СЪЗДАВАНЕ И РЕДАКЦИЯ на ЗАПИСА
Създаване/Редакция Редакция
Дата на регистрацията/редакция 28.06.2010
Служител, извършил регистрацията/редакцията
999 ## - СИСТЕМНИ КОНТРОЛНИ НОМЕРА
Koha biblionumber 50042
Koha biblioitemnumber 50042
Наличности
Код за отписване Код за изгубен артикул Източник на класификационната схема Код за повреда Коз за рестрикции Код за отдаване Артикулен № Име на библиотеката - собственик Име на библиотеката, в която се намира в момента Статус (Текущо местоположение) Дата на вписване в системата Местоположение - отдел Цена в лева Инвентарен номер Систематично азбучна сигнатура Баркод Номер на екземпляра Цена в евро Служебна бележка Служебен тип на артикула
  Не е изгубен Universal Decimal Classification Не е повреден без рестрикции заемане за дома 78199 Регионална библиотека "Любен Каравелов" Русе Регионална библиотека "Любен Каравелов" Русе ЧЧЗО - нем. ез. - Гьоте инст. 2002-01-01 ЧЧЗО - нем. ез. - Гьоте инст. 30.00 120000906091 Ч5 803.0-5/G71 120000906091 1 15.34 Дост: Da Книги
Vip Innovations Ltd, Rousse, Bulgaria 2025